000 00524nam a2200169 a 4500
001 000040723
003 DO-SdBNP
005 20210628111436.0
008 130905s2010 ve 000 0 spa d
020 _a9789801409571
040 _aDO-SdBNP
_bspa
_cBNPHU
100 1 _aBerroa, Rei
_9319
245 1 0 _aLibro de los dones y los bienes /
_cRei Berroa.
260 _aCaracas :
_bMinisterio del Poder Popular para la Cultura:
_bFundación Editorial el Perro y la Rana,
_c2010.
300 _a145 p. ;
_c22 cm.
942 _2ddc
_cLBS1
999 _c40213
_d40213